00269nam a2200109Ia 4500008004100000100001600041245003800057260003300095300000900128942000700137999001500144190216s9999||||xx |||||||||||||| ||und|| aChandan J.S 0aManagement Concepts And Stategies bVikas Publishing Housec1997 a552p cBK c6043d6043